Statystyki dla Państwa europejskie bez dostępu do morza

Kliknij tutaj aby rozwiązać quiz!

Ogólne statystyki

  • Ten quiz został rozwiązany 121 razy
  • Średni wynik to 14 z 15

Statystyki odpowiedzi

Państwo% Poprawnych
Słowacja
98%
Czechy
97%
Andora
94%
Szwajcaria
94%
Białoruś
93%
Luksemburg
93%
Austria
91%
Węgry
91%
Watykan
89%
San Marino
88%
Serbia
88%
Liechtenstein
87%
Kosowo
84%
Macedonia Północna
82%
Mołdawia
82%

Rozkład punktacji

Percentyl według liczby udzielonych odpowiedzi

Procent ludzi z każdym wynikiem

Twoja historia wyników

Nie rozwiązałeś tego quizu